| 000 | 01715nam0a2200373 4500 | ||
|---|---|---|---|
| 001 | RU\NLR\bibl\956200 | ||
| 005 | 20260405103756.0 | ||
| 010 | _a5-366-00030-0 | ||
| 021 |
_aRU _b2006-20359 _91019 |
||
| 035 | _a(nilc)RSL-KNO-002871352 | ||
| 035 | _a(NLR Aleph) 000944260 | ||
| 090 |
_a239311 _c239311 |
||
| 100 | _a20060424d2006 |||y0rusy50 ca | ||
| 101 | 1 |
_arus _ceng |
|
| 102 | _aRU | ||
| 105 | _aa ||||||||| | ||
| 106 | _ar | ||
| 200 | 1 |
_aМозаика из гальки _e25 оригин. поэтапных проектов для дома и сада _fДебора Шнибели-Моррель и Глория Николь _g[пер. с англ. Н. Г. Гумановой] |
|
| 210 |
_aМосква _cНиола-Пресс _d2006 |
||
| 215 |
_a127 с. _cцв. ил. _d24 |
||
| 606 | 1 |
_aМозаика _jРуководства, пособия и т.п. _xТехника _91607884 _3RU\NLR\auth\66708259 |
|
| 610 | 0 | _aСтроительство -- Гражданское строительство -- Малые архитектурные формы -- Иллюстративное издание | |
| 610 | 0 | _aИскусство. Искусствознание -- Живопись -- Виды живописи -- Мозайка -- Иллюстрированные издания | |
| 686 |
_aН718я6 _2rubbk |
||
| 686 |
_aЩ145.3я6 _2rubbk |
||
| 686 | _aЩ140.861.3я7 | ||
| 700 | 1 |
_4070 _8rus _7ca _aШнибели-Моррель _bД. _gДебора _3RU\NLR\auth\7739366 _922350 |
|
| 701 | 1 |
_aНиколь _bГ. _gГлория _4070 |
|
| 801 | 0 |
_aRU _bРКП _c20060424 _grcr |
|
| 801 | 1 |
_aRU _bРГБ _c20060424 |
|
| 801 | 2 |
_aRU _bNLR _c20060602 _grcr |
|
| 942 | _cBOOK | ||
| 980 | _aNB | ||